Every 100,000+ city in USA: Wisconsin - Statistics

General Stats
  • This quiz has been taken 48 times
  • The average score is 8 of 9
Answer Stats
Letter Population City % Correct
M 526,778 Madison
100%
M 1,436,960 Milwaukee
100%
G-B 264,155 Green Bay
97%
E-C 102,079 Eau Claire
95%
K 126,170 Kenosha
87%
R 151,305 Racine
79%
A 292,070 Appleton
76%
L-C 110,024 La Crosse
76%
W 204,093 Waukesha
61%
No matching quizzes found
Score Distribution
Percent of People with Each Score
Percentile by Number Answered
Your Score History
You have not taken this quiz